| 000 | 01974nam a22003137a 4500 | ||
|---|---|---|---|
| 005 | 20100826122442.0 | ||
| 008 | 090109t xxu||||| |||| 00| 0urd d | ||
| 010 | _aUR-7914 , B-429108-108 | ||
| 020 |
_c500.00 _a9788182237728 |
||
| 035 | _aU-6469, B-429108-108 | ||
| 037 | _bDBAD/PUB | ||
| 040 |
_aDPL _burd |
||
| 082 | _aک | ||
| 100 |
_912785 _aا قبا ل متین |
||
| 245 |
_aا قبا ل متین کے ا فسا نے / _b _cا قبا ل متین |
||
| 246 |
_aIQBAL MATEEN KE AFSANE _bby Iqbal Mateen |
||
| 260 |
_aدہلی _c2010 _bایجوکیشنل پبلشنگ ہاؤس |
||
| 270 |
_a3108,Vakil Street, Kucha Pandit,Lal Kuan _bDelhi _e110006 _mwww.ephbooks.com _k011-23216162 _l0091-11-23211540 |
||
| 300 |
_a156 ص _c22 س م (Hb) |
||
| 650 | _912786 | ||
| 700 | _934961 | ||
| 942 |
_2ddc _cUR _hک _mا ق ب |
||
| 999 |
_c57197 _d57197 |
||